Central Library OPAC University of Rajshahi

Empowerment of Women and their participation in local Government Politics : (Record no. 79342)

MARC details
000 -LEADER
fixed length control field 01209nam a2200289 a 4500
001 - CONTROL NUMBER
RUCL Control Number 79342
003 - CONTROL NUMBER IDENTIFIER
rucl marc code BD-RjUL
005 - DATE AND TIME OF LATEST TRANSACTION
control field 20220614154531.0
008 - FIXED-LENGTH DATA ELEMENTS--GENERAL INFORMATION
fixed length control field 220208s2003 eng||||| m||| 00| 0 eng d
035 ## - SYSTEM CONTROL NUMBER
system control number (BD-RjUL)79342
040 ## - CATALOGING SOURCE
Original cataloging agency BD-RjUL
Language of cataloging eng
Modifying agency BD-RjUL
041 ## - LANGUAGE CODE
Language code of Book eng
082 ## - DEWEY DECIMAL CLASSIFICATION NUMBER
Classification number 305.42095492
Author mark and Year MOE 2003
DDC Edition number 23
100 ## - MAIN ENTRY--PERSONAL NAME
Personal name Moin, Julia
9 (RLIN) 1209
245 10 - TITLE STATEMENT
Title Empowerment of Women and their participation in local Government Politics :
Remainder of title A comparative study of some selected rural and urban areas of Bangladesh /
Statement of responsibility, etc Julia Moin ;
Name of Supervisor/Co-Supervisor Supervisor: Kazi Tobarak Hossain ; Co- Supervisor : Abdul Quadir Bhuiyan
260 ## - PUBLICATION, DISTRIBUTION, ETC. (IMPRINT)
Place of publication, distribution, etc Rajshahi :
Name of publisher, distributor, etc Institute of Bangladesh Studies, University of Rajshahi,
Date of publication, distribution, etc 2003
300 ## - PHYSICAL DESCRIPTION
Pagination xvii, 273 leaves ;
Dimensions 29 cm.
502 ## - DISSERTATION NOTE
Dissertation note Thesis (Ph. D.) -- Institute of Bangladesh Studies, University of Rajshahi,2003
504 ## - BIBLIOGRAPHY, ETC. NOTE
Bibliography, etc References : Leaves [246]-264
600 ## - SUBJECT ADDED ENTRY--PERSONAL NAME
Chronological subdivision .
650 ## - SUBJECT ADDED ENTRY--TOPICAL TERM
Topical term or geographic name as entry element Women in development
Geographic subdivision Bangladesh.
9 (RLIN) 3560
Topical term or geographic name as entry element Women
General subdivision Political activity
Geographic subdivision Bangladesh.
Topical term or geographic name as entry element Local government
Geographic subdivision Bangladesh
700 ## - ADDED ENTRY--SUPERVISOR/CO-SUPERVISOR NAME
Personal name Hossain, Kazi Tobarak , Supervisor
9 (RLIN) 1212
Personal name Bhuiyan, Abdul Quadir , Co- Supervisor
9 (RLIN) 1213
942 ## - ADDED ENTRY ELEMENTS (KOHA)
Source of classification or shelving scheme Dewey Decimal Classification
Koha item type Theses
Holdings
Source of classification or shelving scheme Damaged status Not for loan Collection code Permanent Location Current Location Shelving location Date of accession Source of acquisition Full call number Barcode Date last seen Copy number Thesis
Dewey Decimal Classification   Not For Loan Theses Central Library, University of Rajshahi Central Library, University of Rajshahi Documentation Section 24/04/2004 Controller of Exam. R.U. THE 305.42095492 MOE 2003 D2261 08/02/2022 C-1 Theses